| 000 | 00673nam a22002057a 4500 | ||
|---|---|---|---|
| 003 | 0 | ||
| 005 | 20240725161556.0 | ||
| 008 | 240725b xxu||||| |||| 00| 0 eng d | ||
| 020 | _a9798888363737 | ||
| 050 |
_aT 58.6 _b.L49 2024 |
||
| 100 | _aLewis, Liam | ||
| 245 |
_aPrinciples of information technology _cLiam Lewis |
||
| 260 |
_aNew York, NY _bLarsen & Keller Education _c2024 |
||
| 300 |
_aviii, 217 pages : _bcolored illustrations ; _c26cm. |
||
| 504 | _aIncludes bibliographical references and index. | ||
| 650 | _aManagement information systems. | ||
| 650 | _aInformation technology. | ||
| 650 | _aInformation technology--Management. | ||
| 942 |
_2lcc _cBK |
||
| 999 |
_c366033 _d366033 |
||